00353nam a2200145Ia 4500008004100000041000800041082001200049100001600061245004200077250001100119260003600130300001000166440000800176650002300184230817s2006 xx 000 0 und d aeng a342/SIN aSinghvi L M aJagadish Swarup Constitution of India a2nd Ed aAllahabadbModern Law Pubc2006 a3799p vIII aCONSTITUTIONAL LAW